Datum a čas kvízu
25.5
Celkem bodů
Celkový počet nahraných bodů na tomto kvízu bez doplňovacích otázek.
2.
Pořadí na kvízu
Konečné umístění týmu na tomto kvízu.
Zaznamenané odpovědi
| # | Otázka | Odpověď | Body | Výsledky |
|---|---|---|---|---|
| 1. | Jedenáct klavírů a pian českéh... | Karel Komárek | 0 | |
| 2. | V britském městě Ipswich pojme... | Ivan Blatný | 0 | |
| 3. | Den po sobě, ve středu a ve čt... | Hugh Grant, Colin Firth | 0 | |
| 4. | Americký technologický gigant... | Intel | 1 | |
| 5. | Bývalá úspěšná biatlonistka a... | badminton | 0 | |
| 6. | Za celou historii udělování No... | Marie Curie-Skłodowská | 0 | |
| 7. | Pouze dvěma Čechům v historii... | Jaroslav Heyrovský, Jaroslav Seifert | 1 | |
| 8. | Dva laureáti Nobelovy ceny za... | Boris Pasternak, Jean-Paul Sartre | 0 | |
| 9. | Přiřaďte laureáty Nobelových c... | 1A 2C 3B 4D | 0 | |
| 10. | Vyberte nepravdivé tvrzení o p... | C | 0 |